000
00249nam a22000857a 4500
008
160824b xxu||||| |||| 00| 0 eng d
100
_9
225
_a
Bhagat C
245
_a
Revolution 2020
_b
Love, Corruption and Ambition
260
_a
New Delhi
_b
Ruba publication
_c
2011
999
_c
2882
_d
2882